Score 0/40 Timer 06:00
9 Plays Today
% Correct
❖PISA❖
98.2%
PIÑA
96%
❖GATE❖
90.4%
❖GIZA❖
89.1%
GAGA
85.8%
❖WALL❖
85.1%
TILE
82.3%
GINA
82.3%
GAZA
81.9%
GAVE
80.8%
SAVE
80.6%
SAGE
79.8%
BIKE
79.3%
TALK
79.2%
JACK
79.1%
BAKE
78.5%
LACE
78.4%
BALL
77.4%
MATE
76.4%
TILL
76.3%
% Correct
❖LAKE❖
75.5%
SAGA
75.3%
MELT
74.4%
BILE
74.4%
LACK
74.3%
WILL
74.2%
TALL
73.3%
❖BELL❖
72.4%
MEAT
72.1%
BELT
71.7%
TACK
71.5%
❖ROCK❖
70.2%
BALE
68.2%
RACK
67.8%
TALE
67.6%
MEAN
66.1%
JOCK
64.5%
MALE
60%
MOAN
55.4%
❖MOAI❖
32.4%
Remove Ads.
Support Sporcle.
Get the best of Sporcle when you Go Orange. This ad-free experience offers more features, more stats, and more fun while also helping to support Sporcle. Thank you for becoming a member.

You're not logged in!

Compare scores with friends on all Sporcle quizzes.
OR
Log In

Show Comments

Extras

Top Quizzes Today


Score Distribution

Your Account Isn't Verified!

In order to create a playlist on Sporcle, you need to verify the email address you used during registration. Go to your Sporcle Settings to finish the process.

Report this User

Report this user for behavior that violates our Community Guidelines.

Details: